[Event "Groningen op-B 57th"]
[Site "Groningen"]
[Date "2019.12.23"]
[Round "3"]
[White "Hofstra, Tijmen"]
[Black "Pellikaan, Govert"]
[Result "0-1"]
[WhiteElo "1710"]
[BlackElo "1984"]
[PlyCount "42"]
[EventDate "2019.12.21"]
[EventType "swiss"]
[EventRounds "9"]
[EventCountry "NED"]
[SourceTitle "CBM 194 Extra"]
[Source "ChessBase"]
[SourceDate "2020.03.31"]
[SourceVersion "1"]
[SourceVersionDate "2020.03.31"]
[SourceQuality "1"]

1. e4 d5 2. exd5 Qxd5 3. Nf3 Nf6 4. Nc3 Qd6 5. d3 a6 6. g3 Nc6 7. Bg2 Bg4 8. 0-0 0-0-0 9. Re1 Nd4 10. Bf4 Qc5 11. Be5 Nxf3+ 12. Bxf3 Bxf3 13. Qxf3 Nd7 14. Bf4 Qf5 15. Qe4 Qxe4 16. dxe4 e6 17. a3 Nb6 18. b3 Bc5 19. Rad1 Bxa3 20. Be3 Bb4 21. Bd4 Rxd4 0-1

[Event "Groninger Combinatie op"]
[Site "Groningen"]
[Date "2019.05.31"]
[Round "2"]
[White "Wempe, Joost"]
[Black "Pellikaan, Govert"]
[Result "1-0"]
[WhiteElo "2261"]
[BlackElo "1980"]
[PlyCount "51"]
[EventDate "2019.05.30"]
[EventType "swiss"]
[EventRounds "7"]
[EventCountry "NED"]
[SourceTitle "CBM 190 Extra"]
[Source "ChessBase"]
[SourceDate "2019.07.15"]
[SourceVersion "1"]
[SourceVersionDate "2019.07.15"]
[SourceQuality "1"]

1. d4 Nf6 2. c4 g6 3. Nc3 d5 4. cxd5 Nxd5 5. e4 Nxc3 6. bxc3 c5 7. Be3 Bg7 8. Qd2 0-0 9. Rc1 Qa5 10. d5 Rd8 11. Bg5 h6 12. Bxh6 e6 13. Bxg7 Kxg7 14. d6 Nc6 15. h4 b6 16. h5 Rh8 17. h6+ Kh7 18. Qf4 f5 19. e5 c4 20. Nf3 Rf8 21. Bxc4 Kh8 22. Qg3 Rb8 23. 0-0 Kh7 24. Ng5+ Kxh6 25. Qh4+ Kg7 26. Qh7# 1-0